[Event "FIDE WRBTC Blitz-Pool 2024"]
[Site "Astana"]
[Date "2024.08.05"]
[Round "6.30"]
[White "Kabinazar, Nurmukhammed"]
[Black "Sholpanbek, Zhansaya"]
[Result "1-0"]
[WhiteElo "2002"]
[BlackElo "1752"]
[Annotator "ChessBase"]
[PlyCount "59"]
[EventDate "2024.08.01"]
[EventType "team-tourn"]
[EventCountry "KAZ"]
[SourceTitle "playchess.com"]
[Source "ChessBase"]
[SourceQuality "1"]

1. e4 e5 2. Nc3 Nf6 3. g3 d5 4. exd5 Nxd5 5. Bg2 Nxc3 6. bxc3 Bc5 7. Nf3 Nc6 8. O-O O-O 9. d3 Bf5 10. Nd2 Qd7 11. Nb3 Bb6 12. Qf3 Rad8 13. Ba3 Rfe8 14. Nc5 Bxc5 15. Bxc5 e4 16. Qf4 exd3 17. cxd3 Bxd3 18. Rfd1 Qe6 19. Qxc7 Rd7 20. Qf4 Red8 21. Re1 Qg6 22. h4 h6 23. Be3 Bc2 24. Kh2 Ba4 25. Rab1 b5 26. Bh3 Re7 27. Bc5 Rxe1 28. Rxe1 Qc2 29. Qc7 Qxf2+ 30. Bxf2 1-0

[Event "FIDE WRBTC Blitz-Pool 2024"]
[Site "Astana"]
[Date "2024.08.05"]
[Round "6.31"]
[White "Teclaf, Pawel"]
[Black "Akylbek, Zhaksylyk"]
[Result "1-0"]
[WhiteElo "2553"]
[BlackElo "1662"]
[Annotator "ChessBase"]
[PlyCount "95"]
[EventDate "2024.08.01"]
[EventType "team-tourn"]
[EventCountry "KAZ"]
[SourceTitle "playchess.com"]
[Source "ChessBase"]
[SourceQuality "1"]

1. Nf3 c6 2. c4 d5 3. e3 e6 4. b3 f5 5. Bb2 Nf6 6. Nc3 Bd6 7. Be2 O-O 8. Rc1 Nbd7 9. Nd4 Ne5 10. f4 Nf7 11. O-O Ne4 12. Nxe4 fxe4 13. Bg4 Qe7 14. cxd5 exd5 15. Bxc8 Raxc8 16. Nf5 Qe6 17. Nxg7 Qg6 18. Qh5 Nd8 19. f5 Qxh5 20. Nxh5 Kf7 21. Rcd1 b6 22. d3 exd3 23. Rxd3 Nb7 24. Rd4 Nc5 25. Rh4 Ne4 26. Nf4 Ng5 27. Rh5 Bxf4 28. Rxf4 Rg8 29. Rg4 h6 30. Rxh6 Rce8 31. Rg6 Ne4 32. Rxg8 Rxg8 33. Rxg8 Kxg8 34. g4 c5 35. Kg2 b5 36. h4 a5 37. Kf3 a4 38. g5 axb3 39. axb3 c4 40. bxc4 bxc4 41. g6 c3 42. Bc1 Kg7 43. h5 c2 44. Ke2 Nc5 45. Bb2+ Kg8 46. h6 Nb3 47. h7+ Kf8 48. h8=Q+ 1-0

[Event "FIDE WRBTC Blitz-Pool 2024"]
[Site "Astana"]
[Date "2024.08.05"]
[Round "6.31"]
[White "Bulatov, Ramil"]
[Black "Al-Mudahka, Mohd"]
[Result "0-1"]
[WhiteElo "2137"]
[BlackElo "2542"]
[Annotator "ChessBase"]
[PlyCount "76"]
[EventDate "2024.08.01"]
[EventType "team-tourn"]
[EventCountry "KAZ"]
[SourceTitle "playchess.com"]
[Source "ChessBase"]
[SourceQuality "1"]

1. d4 Nf6 2. Nf3 g6 3. Bg5 Bg7 4. Nbd2 d6 5. c3 Nbd7 6. e4 h6 7. Bh4 g5 8. Bg3 Nh5 9. Bc4 e6 10. O-O Nxg3 11. hxg3 h5 12. Re1 g4 13. Nh2 b6 14. e5 dxe5 15. d5 Nc5 16. Nb3 exd5 17. Bxd5 Bb7 18. Bxb7 Qxd1 19. Raxd1 Nxb7 20. f4 f6 21. Nd4 O-O-O 22. Nc6 Rxd1 23. Rxd1 Nd6 24. Re1 Re8 25. a4 Kb7 26. Nb4 exf4 27. Rxe8 Nxe8 28. gxf4 c6 29. Kf2 Nd6 30. b3 Ne4+ 31. Ke3 Nxc3 32. f5 Bh6+ 33. Kd3 Nd5 34. Nxd5 cxd5 35. Kd4 Kc6 36. b4 Bf4 37. Nf1 h4 38. b5+ Kd6 0-1

[Event "FIDE WRBTC Blitz-Pool 2024"]
[Site "Astana"]
[Date "2024.08.05"]
[Round "6.32"]
[White "Zhu, Chen"]
[Black "Ishmukhamedov, Akhmet"]
[Result "1-0"]
[WhiteElo "2423"]
[BlackElo "1978"]
[Annotator "ChessBase"]
[PlyCount "85"]
[EventDate "2024.08.01"]
[EventType "team-tourn"]
[EventCountry "KAZ"]
[SourceTitle "playchess.com"]
[Source "ChessBase"]
[SourceQuality "1"]

1. c4 Nf6 2. Nc3 e6 3. Nf3 d5 4. d4 c5 5. cxd5 exd5 6. g3 Nc6 7. Bg2 Bg4 8. dxc5 Bxc5 9. O-O d4 10. Na4 Be7 11. Bg5 Qa5 12. Rc1 Bxf3 13. Bxf3 Qxg5 14. Rxc6 O-O 15. Rc7 Bd6 16. Rxb7 Rab8 17. Rxa7 Rfd8 18. b3 Bc5 19. Rc7 Bb6 20. Rc6 Ng4 21. Qd3 Ne5 22. Qe4 Nxc6 23. Qxc6 Ba5 24. Rc1 Rbc8 25. Qxc8 Rxc8 26. Rxc8+ Bd8 27. Kg2 h5 28. h4 Qe7 29. Nc5 Kf8 30. Nb7 g6 31. Rxd8+ Kg7 32. Rxd4 Qe5 33. Rd3 Qb5 34. a4 g5 35. hxg5 Qxg5 36. Rd5 Qe7 37. Rxh5 Kg6 38. Rb5 f5 39. Rb6+ Kg5 40. e3 Qc7 41. Rc6 Qxb7 42. Rg6+ Kxg6 43. Bxb7 1-0

[Event "FIDE WRBTC Blitz-Pool 2024"]
[Site "Astana"]
[Date "2024.08.05"]
[Round "6.32"]
[White "Abuzyarov, Arlan"]
[Black "Bernadskiy, Vitaliy"]
[Result "0-1"]
[WhiteElo "1851"]
[BlackElo "2530"]
[Annotator "ChessBase"]
[PlyCount "65"]
[EventDate "2024.08.01"]
[EventType "team-tourn"]
[EventCountry "KAZ"]
[SourceTitle "playchess.com"]
[Source "ChessBase"]
[SourceQuality "1"]

1. d4 Nf6 2. Nf3 d6 3. c4 g6 4. e3 Bg7 5. Be2 O-O 6. O-O Nc6 7. Nc3 a5 8. b3 Bf5 9. Bb2 e5 10. dxe5 dxe5 11. Qxd8 Rfxd8 12. Rfd1 e4 13. Nd4 Nxd4 14. Rxd4 Rxd4 15. exd4 c6 16. Rd1 h5 17. d5 cxd5 18. cxd5 Rc8 19. Bc4 Nd7 20. Na4 Bxb2 21. Nxb2 Nb6 22. a4 Bd7 23. Rd4 f5 24. Kf1 Kg7 25. g3 Kf6 26. h4 Ke5 27. Rd2 Kd6 28. Ke2 Bxa4 29. f3 exf3+ 30. Kxf3 Bd7 31. Kf4 a4 32. Rd3 a3 33. Na4 0-1

[Event "FIDE WRBTC Blitz-Pool 2024"]
[Site "Astana"]
[Date "2024.08.05"]
[Round "6.33"]
[White "Gumularz, Szymon"]
[Black "Tuleyeva-Aketayeva, Dana"]
[Result "1-0"]
[WhiteElo "2571"]
[BlackElo "2130"]
[Annotator "ChessBase"]
[PlyCount "75"]
[EventDate "2024.08.01"]
[EventType "team-tourn"]
[EventCountry "KAZ"]
[SourceTitle "playchess.com"]
[Source "ChessBase"]
[SourceQuality "1"]

1. Nf3 g6 2. e4 Bg7 3. d4 d6 4. h3 Nf6 5. Bd3 O-O 6. O-O Nbd7 7. c3 e5 8. Re1 c6 9. Nbd2 Qc7 10. Nf1 Re8 11. Ng3 Nf8 12. Be3 h6 13. a4 a5 14. Qc2 Kh7 15. Rad1 Ne6 16. Bf1 Nf4 17. Qc1 g5 18. Nd2 Be6 19. dxe5 dxe5 20. Nc4 Rad8 21. Bb6 Rxd1 22. Rxd1 Qb8 23. Qc2 Nd7 24. Bxa5 b5 25. Nd6 Rf8 26. axb5 cxb5 27. Bxb5 Qa7 28. Bb4 Rb8 29. Bc4 Bxc4 30. Nxc4 Nc5 31. Nf5 Nce6 32. Nxg7 Kxg7 33. Nxe5 Qb6 34. Nd7 Qb7 35. Nxb8 Qxb8 36. Bd6 Qb6 37. c4 Nd4 38. Be5+ 1-0

[Event "FIDE WRBTC Blitz-Pool 2024"]
[Site "Astana"]
[Date "2024.08.05"]
[Round "6.33"]
[White "Lysakov, Anton"]
[Black "Nakhbayeva, Guliskhan"]
[Result "0-1"]
[WhiteElo "1947"]
[BlackElo "2326"]
[Annotator "ChessBase"]
[PlyCount "38"]
[EventDate "2024.08.01"]
[EventType "team-tourn"]
[EventCountry "KAZ"]
[SourceTitle "playchess.com"]
[Source "ChessBase"]
[SourceQuality "1"]

1. e4 e6 2. b3 d5 3. exd5 exd5 4. Bb2 Nf6 5. Nf3 Be7 6. c4 O-O 7. Be2 c5 8. d4 Nc6 9. O-O Bg4 10. dxc5 dxc4 11. bxc4 Bxc5 12. Qc2 Re8 13. Nc3 Nh5 14. Rad1 Qc8 15. Rd5 Nb4 16. Qb3 Nxd5 17. cxd5 Nf4 18. Bb5 Bxf3 19. gxf3 Qh3 0-1

[Event "FIDE WRBTC Blitz-Pool 2024"]
[Site "Astana"]
[Date "2024.08.05"]
[Round "6.34"]
[White "Martynov, Aleksandr"]
[Black "Minnekhanov, Eldar"]
[Result "1-0"]
[WhiteElo "1828"]
[BlackElo "1750"]
[Annotator "NA"]
[PlyCount "55"]
[EventDate "2024.08.01"]
[EventType "team-tourn"]
[EventCountry "KAZ"]
[SourceTitle "playchess.com"]
[Source "ChessBase"]
[SourceQuality "1"]

1. d4 Nf6 2. Nf3 g6 3. e3 Bg7 4. b4 d6 5. Nbd2 Nbd7 6. c4 O-O 7. Bb2 e5 8. dxe5 Ng4 9. Be2 Ndxe5 10. Nxe5 Nxe5 11. Qc2 Qh4 12. h3 h5 13. O-O Bxh3 14. gxh3 Qxh3 15. Qe4 Ng4 16. Bxg4 hxg4 17. Bxg7 Kxg7 18. Qg2 Qh5 19. Ne4 Rh8 20. Ng3 Qh4 21. Rfd1 f5 22. Rd5 Qf6 23. Rad1 Rh3 24. c5 Rah8 25. R5d4 Rh2 26. Qd5 Qh4 27. cxd6 Qh3 28. dxc7 1-0

[Event "FIDE WRBTC Blitz-Pool 2024"]
[Site "Astana"]
[Date "2024.08.05"]
[Round "6.34"]
[White "Tolegenov, Rollan"]
[Black "Pakleza, Zbigniew"]
[Result "0-1"]
[WhiteElo "1828"]
[BlackElo "2483"]
[Annotator "ChessBase"]
[PlyCount "74"]
[EventDate "2024.08.01"]
[EventType "team-tourn"]
[EventCountry "KAZ"]
[SourceTitle "playchess.com"]
[Source "ChessBase"]
[SourceQuality "1"]

1. e4 d6 2. d4 Nf6 3. Nc3 c6 4. Nf3 Bg4 5. Be2 e6 6. O-O d5 7. exd5 cxd5 8. Bf4 Nc6 9. Ne5 Bxe2 10. Nxe2 Be7 11. c3 O-O 12. Ng3 Nxe5 13. Bxe5 Nd7 14. Bf4 b5 15. Qg4 Kh8 16. Be3 b4 17. f4 bxc3 18. bxc3 f5 19. Qe2 Nf6 20. Bc1 Qd7 21. a4 Rfc8 22. Qd3 Rc4 23. Ba3 Bxa3 24. Rxa3 Rac8 25. Rb1 Qd6 26. Rab3 Qxf4 27. Ne2 Qe4 28. Qd2 h6 29. Rb7 R4c7 30. Rb8 Ng4 31. Ng3 Qe3+ 32. Qxe3 Nxe3 33. Rxc8+ Rxc8 34. Rb7 a5 35. Kf2 Ng4+ 36. Kf3 Rxc3+ 37. Kf4 g5# 0-1

[Event "FIDE WRBTC Blitz-Pool 2024"]
[Site "Astana"]
[Date "2024.08.05"]
[Round "6.35"]
[White "Kulon, Klaudia"]
[Black "Akylbek, Eskendir"]
[Result "1-0"]
[WhiteElo "2415"]
[BlackElo "1603"]
[Annotator "ChessBase"]
[PlyCount "49"]
[EventDate "2024.08.01"]
[EventType "team-tourn"]
[EventCountry "KAZ"]
[SourceTitle "playchess.com"]
[Source "ChessBase"]
[SourceQuality "1"]

1. c4 c6 2. Nf3 d5 3. e3 e6 4. b3 Bd6 5. Bb2 Nf6 6. Qc2 O-O 7. Rg1 Ne4 8. d3 Nf6 9. g4 e5 10. g5 Ne8 11. Nxe5 Bxe5 12. Bxe5 Nd7 13. Bb2 Nd6 14. Nd2 Re8 15. O-O-O a5 16. Qc3 d4 17. Qxd4 Nf5 18. Qc3 Ne5 19. f4 Nxe3 20. Re1 Nxf1 21. Rxe5 Rxe5 22. Qxe5 f6 23. gxf6 Nxd2 24. Rxg7+ Kf8 25. Ba3+ 1-0

[Event "FIDE WRBTC Blitz-Pool 2024"]
[Site "Astana"]
[Date "2024.08.05"]
[Round "6.35"]
[White "Kaipbayev, Aday"]
[Black "Turlej, Lukasz"]
[Result "0-1"]
[WhiteElo "1711"]
[BlackElo "2105"]
[Annotator "ChessBase"]
[PlyCount "69"]
[EventDate "2024.08.01"]
[EventType "team-tourn"]
[EventCountry "KAZ"]
[SourceTitle "playchess.com"]
[Source "ChessBase"]
[SourceQuality "1"]

1. c4 Nf6 2. b3 e6 3. Bb2 d5 4. cxd5 exd5 5. a3 c6 6. d3 Be7 7. Nd2 O-O 8. e3 Bf5 9. Ngf3 Nbd7 10. Be2 Re8 11. O-O h6 12. h3 Bd6 13. Rc1 Qe7 14. b4 a6 15. Qc2 Rac8 16. Qb1 Ne5 17. Nxe5 Bxe5 18. Nf3 Bxb2 19. Qxb2 Qd7 20. Kh2 Re7 21. Rfe1 Rce8 22. Bf1 Bg6 23. a4 Rc8 24. Rc2 c5 25. Rxc5 Rxc5 26. bxc5 Qc7+ 27. Kg1 Qxc5 28. Rc1 Qa5 29. Ne5 Qxa4 30. Nxg6 fxg6 31. Rc8+ Kh7 32. d4 Ne4 33. Qc2 Qa5 34. f3 Nd6 35. Rc3 0-1

[Event "FIDE WRBTC Blitz-Pool 2024"]
[Site "Astana"]
[Date "2024.08.05"]
[Round "6.36"]
[White "Musauly, Nurali"]
[Black "Bozhgulova, Zaynabkhan"]
[Result "1-0"]
[WhiteElo "1816"]
[BlackElo "1605"]
[Annotator "NA"]
[PlyCount "47"]
[EventDate "2024.08.01"]
[EventType "team-tourn"]
[EventCountry "KAZ"]
[SourceTitle "playchess.com"]
[Source "ChessBase"]
[SourceQuality "1"]

1. Nf3 Nf6 2. c4 g6 3. Nc3 d5 4. cxd5 Nxd5 5. h4 Bg7 6. h5 Bg4 7. h6 Bf6 8. e4 Nxc3 9. bxc3 Nc6 10. Be2 Qd7 11. d4 Bxf3 12. Bxf3 Nxd4 13. cxd4 Bxd4 14. Rb1 O-O-O 15. Qb3 Bb6 16. a4 a5 17. O-O f5 18. exf5 Qxf5 19. Be3 Rd6 20. Qc4 Kb8 21. Bxb6 cxb6 22. Rfc1 Rhd8 23. Qc7+ Ka7 24. Qxb7# 1-0

[Event "FIDE WRBTC Blitz-Pool 2024"]
[Site "Astana"]
[Date "2024.08.05"]
[Round "6.36"]
[White "Demezhanov, Tuleubek"]
[Black "Kurlak, Jakub"]
[Result "0-1"]
[WhiteElo "1776"]
[BlackElo "1828"]
[Annotator "NA"]
[PlyCount "126"]
[EventDate "2024.08.01"]
[EventType "team-tourn"]
[EventCountry "KAZ"]
[SourceTitle "playchess.com"]
[Source "ChessBase"]
[SourceQuality "1"]

1. e4 c5 2. Nf3 Nc6 3. c3 e6 4. d4 d5 5. e5 Nge7 6. Bd3 Ng6 7. a3 Be7 8. O-O O-O 9. Be3 b6 10. Nbd2 Bb7 11. Re1 a5 12. Qe2 Re8 13. Nf1 Qc8 14. Rac1 Ba6 15. Bb5 c4 16. Ba4 b5 17. Bc2 b4 18. axb4 axb4 19. h4 f5 20. exf6 Bxf6 21. h5 Nf8 22. Bb1 e5 23. dxe5 Nxe5 24. Nxe5 Bxe5 25. Qd2 Bb7 26. Bd4 bxc3 27. bxc3 Bxd4 28. Qxd4 Qd7 29. Ng3 Rxe1+ 30. Rxe1 Re8 31. Rxe8 Qxe8 32. Bf5 g6 33. hxg6 hxg6 34. Bg4 Qe1+ 35. Kh2 Qe7 36. Bf3 Qh7+ 37. Kg1 Qf7 38. Ne2 Nd7 39. Nf4 Nf6 40. Qe5 Kg7 41. Nh3 Qe8 42. Qd4 Qe1+ 43. Kh2 Qe6 44. Ng5 Qd6+ 45. g3 Qd7 46. Qb6 Ba8 47. Ne6+ Kf7 48. Nd4 Qe8 49. Qc7+ Nd7 50. Qf4+ Kg7 51. Qg5 Qh8+ 52. Kg2 Nf6 53. Ne6+ Kf7 54. Nd4 Qe8 55. Qf4 Qe7 56. Nb5 Bc6 57. Nd6+ Kg7 58. Nc8 Qd7 59. Nd6 Ne4 60. Qe5+ Kh7 61. Bxe4 dxe4 62. Nxe4 Qd5 63. f3 Qxe5 0-1

[Event "FIDE WRBTC Blitz-Pool 2024"]
[Site "Astana"]
[Date "2024.08.05"]
[Round "6.37"]
[White "Grachev, Boris"]
[Black "Sindarov, Javokhir"]
[Result "1/2-1/2"]
[WhiteElo "2585"]
[BlackElo "2674"]
[Annotator "ChessBase"]
[PlyCount "208"]
[EventDate "2024.08.01"]
[EventType "team-tourn"]
[EventCountry "KAZ"]
[SourceTitle "playchess.com"]
[Source "ChessBase"]
[SourceQuality "1"]

1. d4 Nf6 2. Nf3 g6 3. c4 Bg7 4. Nc3 O-O 5. g3 c5 6. Bg2 cxd4 7. Nxd4 Qc7 8. Qd3 Nc6 9. Nxc6 dxc6 10. O-O Rd8 11. Qc2 Bf5 12. e4 Be6 13. b3 Ng4 14. Bb2 Qa5 15. Rad1 Qh5 16. h3 Nf6 17. Qe2 a5 18. Qxh5 Nxh5 19. Na4 Bxb2 20. Nxb2 b5 21. e5 Rxd1 22. Rxd1 Rc8 23. Rc1 b4 24. Rd1 f6 25. exf6 Nxf6 26. Na4 Kf7 27. Nc5 h5 28. f4 Bf5 29. Kf2 Rc7 30. Ke3 Nd7 31. Nxd7 Bxd7 32. c5 Be6 33. Rd4 Ra7 34. Bf1 Kf6 35. h4 Bd5 36. Bc4 e6 37. Rd2 a4 38. Bxd5 exd5 39. Rd4 axb3 40. axb3 Rb7 41. Rd1 Rb5 42. Kd4 Ra5 43. Re1 Ra2 44. Re8 Rd2+ 45. Ke3 Rc2 46. Kd4 Rd2+ 47. Ke3 Rg2 48. Rc8 Rxg3+ 49. Kd4 Rxb3 50. Rxc6+ Kf5 51. Rb6 Rb1 52. c6 Rd1+ 53. Kc5 Ke4 54. Rxb4+ Ke3 55. c7 Rc1+ 56. Kb6 d4 57. Rb5 d3 58. Rc5 Rxc5 59. Kxc5 d2 60. c8=Q d1=Q 61. Qe6+ Kxf4 62. Qxg6 Qg4 63. Qh6+ Kg3 64. Qe3+ Kxh4 65. Qe1+ Qg3 66. Qh1+ Kg4 67. Qe4+ Qf4 68. Qe2+ Qf3 69. Qe8 h4 70. Qg6+ Kh3 71. Qe6+ Kg3 72. Qg6+ Kf2 73. Qc2+ Kf1 74. Qc1+ Kg2 75. Qg5+ Qg3 76. Qd5+ Kg1 77. Qd1+ Kh2 78. Qe2+ Qg2 79. Qe5+ Kh1 80. Kb5 h3 81. Qe1+ Kh2 82. Qe5+ Qg3 83. Qe2+ Kg1 84. Qd1+ Kg2 85. Qe2+ Kg1 86. Qd1+ Kf2 87. Qd2+ Kf3 88. Qd5+ Ke3 89. Qc5+ Ke2 90. Qc2+ Kf1 91. Qd1+ Kg2 92. Qe2+ Qf2 93. Qe4+ Qf3 94. Qc2+ Kg1 95. Qg6+ Qg2 96. Qb6+ Kh1 97. Qd6 Qf3 98. Qd2 h2 99. Qe1+ Kg2 100. Qd2+ Qf2 101. Qg5+ Kf1 102. Qc1+ Kg2 103. Qg5+ Kh1 104. Qd5+ Kg1 1/2-1/2

[Event "FIDE WRBTC Blitz-Pool 2024"]
[Site "Astana"]
[Date "2024.08.05"]
[Round "6.37"]
[White "Alin, Azamat"]
[Black "Williams, Justus"]
[Result "0-1"]
[WhiteElo "1969"]
[BlackElo "2361"]
[Annotator "ChessBase"]
[PlyCount "70"]
[EventDate "2024.08.01"]
[EventType "team-tourn"]
[EventCountry "KAZ"]
[SourceTitle "playchess.com"]
[Source "ChessBase"]
[SourceQuality "1"]

1. d4 Nf6 2. Nf3 g6 3. c4 Bg7 4. Nc3 O-O 5. e4 d6 6. h3 e5 7. d5 a5 8. Be2 Na6 9. g4 Nc5 10. Qc2 c6 11. Be3 a4 12. O-O-O Qa5 13. dxc6 bxc6 14. Rxd6 a3 15. b3 Na6 16. Qd2 Nb4 17. Kb1 h5 18. g5 Nxe4 19. Nxe4 Bf5 20. Bd3 Rfd8 21. c5 Rxd6 22. cxd6 Qd5 23. Nf6+ Bxf6 24. Bxf5 Qxf3 25. Rc1 Qxf5+ 26. Ka1 e4+ 27. gxf6 Nd3 28. Rxc6 Qxh3 29. Qd1 Qf5 30. Bd4 Qd5 31. Rc4 Nb2 32. Qc2 Nxc4 33. Qxc4 Qxd6 34. Kb1 Rd8 35. Be3 Qxf6 0-1

[Event "FIDE WRBTC Blitz-Pool 2024"]
[Site "Astana"]
[Date "2024.08.05"]
[Round "6.38"]
[White "Vokhidov, Shamsiddin"]
[Black "Suleimen, Ergali"]
[Result "1-0"]
[WhiteElo "2643"]
[BlackElo "2334"]
[Annotator "ChessBase"]
[PlyCount "71"]
[EventDate "2024.08.01"]
[EventType "team-tourn"]
[EventCountry "KAZ"]
[SourceTitle "playchess.com"]
[Source "ChessBase"]
[SourceQuality "1"]

1. e4 c5 2. Nf3 d6 3. Bb5+ Bd7 4. Bxd7+ Qxd7 5. c4 Nf6 6. Nc3 Nc6 7. d4 cxd4 8. Nxd4 e6 9. O-O Be7 10. Be3 O-O 11. Rc1 a6 12. Qe2 Rac8 13. Rfd1 Qc7 14. b3 Rfd8 15. h3 Qa5 16. a4 Nd7 17. Nxc6 Rxc6 18. Bd2 Qb6 19. Rb1 Qc7 20. Nd5 exd5 21. exd5 Rc5 22. Qxe7 Rc8 23. Bb4 Nf6 24. Qe3 Re8 25. Qf3 b5 26. axb5 axb5 27. Bxc5 Qxc5 28. cxb5 Qxb5 29. b4 Ne4 30. Qd3 Qb6 31. Rb2 Nf6 32. b5 Re5 33. Qd4 Qb7 34. b6 Rxd5 35. Qa4 Rc5 36. Qa7 1-0

[Event "FIDE WRBTC Blitz-Pool 2024"]
[Site "Astana"]
[Date "2024.08.05"]
[Round "6.38"]
[White "Ishmukhametov, Adil"]
[Black "Altair, Almir"]
[Result "1-0"]
[WhiteElo "2077"]
[BlackElo "1546"]
[Annotator "ChessBase"]
[PlyCount "67"]
[EventDate "2024.08.01"]
[EventType "team-tourn"]
[EventCountry "KAZ"]
[SourceTitle "playchess.com"]
[Source "ChessBase"]
[SourceQuality "1"]

1. e4 c5 2. c4 Nc6 3. Nc3 d6 4. g3 Nf6 5. Bg2 g6 6. Nge2 Bg7 7. O-O O-O 8. d3 Bg4 9. h3 Bd7 10. f4 Qc8 11. Kh2 Ne8 12. g4 h5 13. f5 hxg4 14. hxg4 gxf5 15. gxf5 Ne5 16. Ng3 Qd8 17. Bg5 Nf6 18. Bxf6 Bxf6 19. Nd5 Bg7 20. Nh5 Bh6 21. Nhf4 e6 22. Qh5 exd5 23. Nxd5 Qg5 24. Qxg5+ Bxg5 25. f6 Ng4+ 26. Kg3 Ne3 27. Ne7+ Kh7 28. Rh1+ Bh6 29. Bh3 Be6 30. Kf3 Nc2 31. Rag1 Nd4+ 32. Kf2 Bxh3 33. Rxh3 Ne6 34. Rgh1 1-0

[Event "FIDE WRBTC Blitz-Pool 2024"]
[Site "Astana"]
[Date "2024.08.05"]
[Round "6.39"]
[White "Petukhov, Alan"]
[Black "Yakubboev, Nodirbek"]
[Result "0-1"]
[WhiteElo "2224"]
[BlackElo "2655"]
[Annotator "ChessBase"]
[PlyCount "106"]
[EventDate "2024.08.01"]
[EventType "team-tourn"]
[EventCountry "KAZ"]
[SourceTitle "playchess.com"]
[Source "ChessBase"]
[SourceQuality "1"]

1. Nf3 Nf6 2. c4 e6 3. e3 d5 4. b3 Bd6 5. Bb2 O-O 6. Be2 Nc6 7. Nc3 dxc4 8. bxc4 e5 9. d3 Bf5 10. O-O Re8 11. Nd5 Nd7 12. e4 Bg4 13. h3 Bxf3 14. Bxf3 Bc5 15. Kh1 Bd4 16. Rb1 Bxb2 17. Rxb2 Nc5 18. Bh5 g6 19. Be2 Nd4 20. Qd2 c6 21. Ne3 h5 22. Bd1 b6 23. Nc2 Nxc2 24. Bxc2 Nxe4 25. Qe3 Nc5 26. f4 Qd4 27. Qc1 exf4 28. Rxf4 Qc3 29. Rb1 Re2 30. Qf1 Rxc2 31. Rxf7 Nxd3 32. Rf3 Rd8 33. Rd1 Rd2 34. Re1 Qd4 35. Re6 Nf2+ 36. Kh2 Kg7 37. Qb1 Rd3 38. Re7+ Kg8 39. Re6 Rd6 40. Re8+ Kg7 41. Re7+ Kh6 42. Qc1+ Rd2 43. Qe1 Rd8 44. Qe6 Qd6+ 45. Qxd6 R8xd6 46. Rff7 h4 47. Rh7+ Kg5 48. Re5+ Kf6 49. Re3 R6d4 50. Rf3+ Kg5 51. Re7 Nd3 52. Kg1 Nf4 53. Re5+ Kf6 0-1

[Event "FIDE WRBTC Blitz-Pool 2024"]
[Site "Astana"]
[Date "2024.08.05"]
[Round "6.39"]
[White "Marat, Yasmin"]
[Black "Beisikenov, Eduard"]
[Result "0-1"]
[WhiteElo "1414"]
[BlackElo "1821"]
[Annotator "NA"]
[PlyCount "94"]
[EventDate "2024.08.01"]
[EventType "team-tourn"]
[EventCountry "KAZ"]
[SourceTitle "playchess.com"]
[Source "ChessBase"]
[SourceQuality "1"]

1. d4 Nf6 2. Nf3 c5 3. e3 cxd4 4. exd4 d5 5. c4 e6 6. Nc3 Bb4 7. Bg5 Qa5 8. Bd2 Nc6 9. a3 Bxc3 10. Bxc3 Qc7 11. cxd5 Nxd5 12. Bb5 O-O 13. Bxc6 bxc6 14. O-O Rd8 15. h3 c5 16. Rc1 Bb7 17. Qe2 Nf4 18. Qe5 Qxe5 19. dxe5 Nxh3+ 20. Kh2 Nf4 21. Bd2 Nd3 22. Rc3 Bxf3 23. gxf3 Nxb2 24. Rxc5 Rxd2 25. Rfc1 Rad8 26. Kg3 g5 27. Rc8 Rxc8 28. Rxc8+ Kg7 29. Rc7 a5 30. Kg4 h6 31. Rc5 a4 32. Kg3 Rxf2 33. Ra5 Rd2 34. Rb5 Kg6 35. Rb4 Kf5 36. Rb5 Nd3 37. Rd5 Rg2+ 38. Kxg2 exd5 39. Kf1 Nxe5 40. Ke2 Kf4 41. Kf2 Nxf3 42. Kg2 d4 43. Kf2 d3 44. Kg2 d2 45. Kf2 d1=Q 46. Kg2 Qg1+ 47. Kh3 Qg3# 0-1

[Event "FIDE WRBTC Blitz-Pool 2024"]
[Site "Astana"]
[Date "2024.08.05"]
[Round "6.40"]
[White "Vakhidov, Jakhongir"]
[Black "Balmagambetov, Timur"]
[Result "1/2-1/2"]
[WhiteElo "2571"]
[BlackElo "2154"]
[Annotator "ChessBase"]
[PlyCount "108"]
[EventDate "2024.08.01"]
[EventType "team-tourn"]
[EventCountry "KAZ"]
[SourceTitle "playchess.com"]
[Source "ChessBase"]
[SourceQuality "1"]

1. c4 Nf6 2. Nc3 g6 3. g3 Bg7 4. Bg2 O-O 5. d4 d6 6. Nf3 c5 7. O-O Nc6 8. dxc5 dxc5 9. Bf4 Nh5 10. Be3 b6 11. Qc1 Bb7 12. Rd1 Qe8 13. Bh6 Rd8 14. Qe3 Nf6 15. Bxg7 Kxg7 16. h3 h6 17. g4 e6 18. Ne5 Nxe5 19. Qxe5 Bxg2 20. Kxg2 Rxd1 21. Rxd1 Qb8 22. f4 g5 23. e3 Kg6 24. Qxb8 Rxb8 25. Kf3 Kg7 26. Ne4 Nxe4 27. Kxe4 Rb7 28. a4 Kf6 29. Rd8 Rc7 30. b3 Rb7 31. Rd2 Rc7 32. Rd1 Rb7 33. Kf3 Rc7 34. Kg3 Ke7 35. h4 f6 36. hxg5 hxg5 37. Kf3 Rd7 38. Rh1 Kd6 39. fxg5 fxg5 40. Rh5 Rg7 41. Ke4 Rg6 42. Rh7 a5 43. Rb7 Kc6 44. Rf7 Kd6 45. Rf8 Rg7 46. Rf6 Rg8 47. Rf7 Rg6 48. Rh7 Rg8 49. Rh1 Rf8 50. Rh5 Rg8 51. Rh6 Rg7 52. Rh8 Rg6 53. Rd8+ Kc7 54. Rf8 Kd6 1/2-1/2

[Event "FIDE WRBTC Blitz-Pool 2024"]
[Site "Astana"]
[Date "2024.08.05"]
[Round "6.40"]
[White "Ishmukhametova, Dilyara"]
[Black "Aitzhan, Karim"]
[Result "0-1"]
[WhiteElo "1954"]
[BlackElo "1706"]
[Annotator "ChessBase"]
[PlyCount "38"]
[EventDate "2024.08.01"]
[EventType "team-tourn"]
[EventCountry "KAZ"]
[SourceTitle "playchess.com"]
[Source "ChessBase"]
[SourceQuality "1"]

1. e4 Nc6 2. Nf3 d5 3. exd5 Qxd5 4. Be2 Bg4 5. O-O O-O-O 6. h3 Bh5 7. Nc3 Qa5 8. d3 e5 9. Nd2 Bxe2 10. Qxe2 Nd4 11. Qd1 Nf6 12. Nde4 Bb4 13. Bg5 Nxe4 14. Bxd8 Nxc3 15. bxc3 Bxc3 16. Qg4+ Kb8 17. Bxc7+ Qxc7 18. Rab1 f5 19. Qd1 g5 0-1

[Event "FIDE WRBTC Blitz-Pool 2024"]
[Site "Astana"]
[Date "2024.08.05"]
[Round "6.41"]
[White "Kaliakhmet, Elnaz"]
[Black "Nurman, Alua"]
[Result "0-1"]
[WhiteElo "2137"]
[BlackElo "2324"]
[Annotator "ChessBase"]
[PlyCount "104"]
[EventDate "2024.08.01"]
[EventType "team-tourn"]
[EventCountry "KAZ"]
[SourceTitle "playchess.com"]
[Source "ChessBase"]
[SourceQuality "1"]

1. d4 Nf6 2. c4 g6 3. Nc3 Bg7 4. e4 d6 5. h3 O-O 6. Be3 Na6 7. g4 e5 8. d5 Nc5 9. f3 a5 10. Nge2 h5 11. Qd2 Nh7 12. O-O-O h4 13. g5 Bd7 14. Bf2 Qxg5 15. Qxg5 Nxg5 16. Bg2 Bf6 17. Kc2 Nh7 18. Nc1 Bg5 19. Bxc5 dxc5 20. Nd3 Rae8 21. Nxc5 Bc8 22. Nb5 Be3 23. Nd3 Re7 24. Rhe1 Bg5 25. c5 Bd7 26. Nxc7 Ba4+ 27. b3 Rxc7 28. bxa4 Be7 29. Kb3 Bxc5 30. Nxe5 Bb4 31. Re3 Rfc8 32. d6 Rc3+ 33. Rxc3 Rxc3+ 34. Kb2 Rc8 35. d7 Rd8 36. Rc1 Bd6 37. Rc8 Bxe5+ 38. Kb3 Bf6 39. e5 Be7 40. f4 Nf8 41. Rxd8 Bxd8 42. Bxb7 Nxd7 43. Kc4 g5 44. fxg5 Nxe5+ 45. Kd4 Ng6 46. Bc8 Bxg5 47. Kc5 Bd2 48. Kd5 Kg7 49. Bg4 Kf6 50. Ke4 Kg5 51. Kd5 f5 52. Be2 Nf4+ 0-1